000 02849nam a2200469 a 4500
003 CHAP
005 20240918095628.0
007 cr ||||||a|c|a
008 101029s2010 mx r 00010 spa d
035 _a111289
040 _cCHAP
090 _aTesis
100 1 _aChan Cutz, Lemuel David
_921808
245 1 0 _aDiseño de la red de agua potable en San Jerónimo Ocotitlán, Municipio de Acajete, Estado de Puebla
_c/por Lemuel David Chan Cutz; director Aurelio Reyes Ramírez
264 1 _aChapingo, Méx. :
_bEl autor,
_c2010.
300 _a1 recurso en línea (178 páginas):
_bcuadros, figuras
336 _2rdacontent
_atexto
_btxt
337 _2rdamedia
_acomputadora
_bc
338 _2rdacarrier
_arecursos en línea
_bcr
502 _bII
_cIrrigación
_d2010
_gLIC
520 _aEl presente trabajo se desarrolló en la comunidad de San Jerónimo Ocotitlán, Acajete, estado de Puebla con el objetivo de diseñar el sistema de abastecimiento de agua potable, debido a que existe una fuerte problemática relacionada con el abastecimiento de agua potable. Se hizo la mejor propuesta de diseño para los componentes del sistema tales como la línea de conducción, tanque de regularización y sistema de distribución bajo las consideraciones técnicas que establece la Comisión Nacional del Agua, debido a la topología de la red esta se clasifica como una red mixta y por ello el diseño se realizó con el programa EPANET y su revisión por el método de balanceo de cargas denominado Hardy-Cross, además para el resguardo y protección del sistema ante fenómenos transitorios se consideraron válvulas y accesorios. El poblado cuenta con un pozo profundo para el abastecimiento del agua con capacidad para satisfacer las demandas generadas por el consumo de agua en la población, pero se recomienda la búsqueda de nuevas fuentes de abastecimiento en caso de ser insuficiente debido al uso y manejo irracional del recurso hídrico.
590 _aALEPH
_b10
_c20130110
590 _aBATCH-UPD
_b10
_c20130110
590 _aBATCH-UPD
_b10
_c20130410
590 _aBATCH-UPD
_b10
_c20130913
590 _aBATCH-UPD
_b10
_c20140324
590 _aBATCH-UPD
_b10
_c20141002
590 _aBATCH
_b00
_c20181121
590 _aCONVERSION
_b10
_c20130109
650 1 4 _aAgua potable
_xCalidad.
_92446
650 1 4 _aAgua
_xDistribución
_zPuebla.
_92370
650 1 4 _aDiseño.
_932727
650 1 4 _aRed de agua potable.
_995342
700 1 _aReyes Ramírez, Aurelio
_996956
_eDirector
856 _uhttp://10.13.5.2/tesis/111289.pdf
_zDESCARGAR PDF
901 _aBK
942 _cTD
_2Clasificación Universidad Autónoma Chapingo
949 _aTesis
_bBC
_cTES
_d33724002214248
_eTS1
_gDonaciØn
_h51323
_i111289
_sb
949 _aTesis
_bBC
_cTES
_d33724002214264
_eTS2
_fc.2
_gDonaciØn
_h51324
_i111289
_sb
999 _c99631
_d99631